Rozpínacia kotva /

Uložené v:
Podrobná bibliografia
Hlavní autori: Fischer, Rainer (Inventor), Hang, Willi (Inventor)
Korporatívny autor: Fischerwerke Artur Fischer GmbH & Co. KG (Waldachtal, DE) (Patent holder)
Médium: Patent
Jazyk:Slovak
German
Vydané: Banská Bystrica : Úrad priemyselného vlastníctva SR, 2008.
Témy:
Fyzický popis: 9 s.
Tagy: Pridať tag
Žiadne tagy, Buďte prvý kto otaguje tento záznam!

MARC

LEADER 00000nam a2200000 a 4500
001 000337721
003 SVKKK
005 20080526151748.0
008 080526s2008 xo f j #0|| 0#slo c
013 |a 1280-2002  |b DE  |d 11.9.2003  |d 6.5.2008  |d 14.4.2008 
040 |a SVK  |b slo  |c SVK  |e AACR2 
041 1 # |a slo  |h ger 
044 |a xo  |c SK 
084 |a F16B 13/00  |2 MPT 
084 |a F16B 13/06  |2 MPT 
084 |a E04B 1/41  |2 MPT 
100 1 |a Fischer, Rainer  |4 inv 
245 1 0 |a Rozpínacia kotva /  |c Fischer Rainer. 
260 # |a Banská Bystrica :  |b Úrad priemyselného vlastníctva SR,  |c 2008. 
300 |a 9 s. 
655 7 |a patenty  |2 SVKPH 
700 1 # |a Hang, Willi  |4 inv 
710 2 # |a Fischerwerke Artur Fischer GmbH & Co. KG (Waldachtal, DE)  |4 pth 
910 |a svkkk 
998 |a PA 
090 |g SCKHL  |k SK41  |a 286 189  |j 1948  |i I11568  |s Vyradená